000 00539nam a22001937a 4500
003 OSt
005 20160421142845.0
008 160421b xxu||||| |||| 00| 0 eng d
020 _a0964278707.
040 _cDDC.
082 _a33.95RAB 1997.
100 _aRabinowitz,Alan;
_98176
245 _aWildlife Field Research and Concervation Training Manual;
260 _aNew York.
_bWildlife Conservation Society.
_c1997.
300 _a281p;
_bill;
_c26cm.
504 _aIncludes Appendix.
650 _aZoology.
_98070
942 _2ddc
_cPHD_DIS
999 _c3683
_d3683